| 000 -LEADER |
| fixed length control field |
00848cam a2200241 a 4500 |
| 020 ## - INTERNATIONAL STANDARD BOOK NUMBER |
| ISBN |
9789251071137 |
| 020 ## - INTERNATIONAL STANDARD BOOK NUMBER |
| ISBN |
9251071136 |
| 040 ## - CATALOGING SOURCE |
| Transcribing agency |
NLE |
| 082 04 - DEWEY DECIMAL CLASSIFICATION NUMBER |
| Classification number |
338 RES 2011 C011 Or. |
| 245 00 - TITLE STATEMENT |
| Title |
Resilient livelihoods : |
| Remainder of title |
disaster risk reduction for food and nutrition security. |
| 246 30 - VARYING FORM OF TITLE |
| Title proper/short title |
Disaster risk reduction for food and nutrition security |
| 260 ## - PUBLICATION, DISTRIBUTION, ETC. (IMPRINT) |
| Place of publication |
Rome : |
| Name of publisher |
Food and Agriculture Organization of the United Nations, |
| Year of publication |
2011. |
| 300 ## - PHYSICAL DESCRIPTION |
| Number of Pages |
xi, 87 pages : |
| Other physical details |
color illustrations ; |
| Dimensions |
30 cm |
| 500 ## - GENERAL NOTE |
| General note |
"November 2011." |
| 650 #0 - SUBJECT ADDED ENTRY--TOPICAL TERM |
| Topical Term |
Food security |
| 650 #0 - SUBJECT ADDED ENTRY--TOPICAL TERM |
| Topical Term |
Food |
| 650 #0 - SUBJECT ADDED ENTRY--TOPICAL TERM |
| Topical Term |
Emergency food supply. |
| 650 #0 - SUBJECT ADDED ENTRY--TOPICAL TERM |
| Topical Term |
Emergency management. |
| 650 #0 - SUBJECT ADDED ENTRY--TOPICAL TERM |
| Topical Term |
Economic development |
| 710 2# - ADDED ENTRY--CORPORATE NAME |
| Corporate name or jurisdiction name as entry element |
Food and Agriculture Organization of the United Nations. |
| 856 41 - ELECTRONIC LOCATION AND ACCESS |
| Uniform Resource Identifier |
http://www.fao.org/docrep/015/i2540e/i2540e00.pdf |
| 942 ## - ADDED ENTRY ELEMENTS (KOHA) |
| Koha item type |
ADB |
| 952 ## - LOCATION AND ITEM INFORMATION (KOHA) |
| Withdrawn status [LOCAL, KOHA] |
0 |